000 00951nam a2200289 i 4500
001 66476
003 ES-MaACL
005 20230906165646.0
007 t|
008 030304s2002 sp ||||0| spa d
020 _a84-96107-02-7
040 _aM-BN
_bspa
_cM-BN
080 _a929 Besteiro, Julián
080 _a94(460)"1902/31"
080 _a94(460)"1931/39"
100 1 _aBlas Zabaleta, Patricio de.
_929360
245 1 0 _aJulián Besteiro
_b: nadar contra corriente /
_cPatricio de Blas Zabaleta, Eva de Blas Martín-Merás.
260 _aMadrid :
_bAlgaba,
_c2002.
300 _a477 p., [16] h. de lám ;
_c25 cm.
490 1 _aBiografía ;
_v3
504 _aBibliografía: p. 461-468. Indice.
600 0 4 _aBesteiro, Julián,
_d1870-1940-
_xBiografías
_928620
700 1 _aBlas Martín-Merás, Eva de.
_929352
830 0 _aBiografía ;
_v3
_9183045
852 _aES-MaACL
_jL-26954
_bR.132539
999 _c66476
_d66476